• 首页
  • 本馆介绍
  • 公告通知
  • 最新文献
  • 馆藏检索
  • 电子资源
  • 读者导购
  • 参考咨询
  • 我的图书馆
  • 登录
  • 详细信息显示
  • 放入我的书架
  • 预约/预借图书
  • 作者相关作品
  • 分类相关作品
  • 丛书相关作品
  • 出版社相关作品

书目信息

  • 表格格式
  • 工作单格式
  • 卡片格式
题名:
(当代)学校德育思想流派与德育论著选读 上
    
 
作者: 冯克诚 主编
分册:  
出版信息: 北京   中国环境科学出版社  2006.05
页数: 224页
开本: 20cm
丛书名: 《中国教育名家名作精读丛书》
单 册:
中图分类: G410
科图分类:
主题词: 思想政治教育--学校教育 , 德育--学校教育
电子资源:
ISBN: 7-80135-736-1
000 00763nam0 2200229 450
001 0732117629
005 20070619084519.43
010    @a7-80135-736-1@dCNY26.30
100    @a20070618d2006 km y0chiy0120 ea
101 0  @achi
102    @aCN@b110000
200 1  @a(当代)学校德育思想流派与德育论著选读 上@A(dang dai)xue xiao de yu si xiang liu pai yu de yu lun zhu xuan du shang@f冯克诚主编@Ffeng ke cheng zhu bian
210    @a北京@c中国环境科学出版社@d2006.05
215    @a224页@d20cm
225 2  @a《中国教育名家名作精读丛书》
410  0 @12001 @a《中国教育名家名作精读丛书》
606 0  @a思想政治教育--学校教育
606 0  @a德育--学校教育
690    @aG410@v4
701  0 @a冯克诚@Afeng ke cheng@4主编
801  0 @aCN@bPFT@c20070619
905    @aBZT@dG410@e1-1
    
    (当代)学校德育思想流派与德育论著选读 上/冯克诚主编.-北京:中国环境科学出版社,2006.05
    224页;20cm.-(《中国教育名家名作精读丛书》)
    
    
    ISBN 7-80135-736-1:CNY26.30
    
●
相关链接 在五车中查询图书 在当当中查询图书 在豆瓣中查询图书


正题名:(当代)学校德育思想流派与德育论著选读 上     索取号:G410/1-1         预约/预借

序号 登录号 条形码 馆藏地/架位号 状态 备注
1 563663   230108372   中心书库北库/ 北库031架B面1列3层37/ [索取号:G410/1-1] 在馆    
2 563664   230108370   中心书库北库/ 北库031架B面1列3层35/ [索取号:G410/1-1] 在馆    
3 563665   230108371   中心书库北库/ 北库031架B面1列3层36/ [索取号:G410/1-1] 在馆    
4 563666   230108369   中心书库北库/ 北库031架B面1列3层38/ [索取号:G410/1-1] 在馆    
5 563667   230108368   中心书库北库/ 北库031架B面1列3层40/ [索取号:G410/1-1] 在馆    
山东省滨州职业学院图书馆 欢迎您!
大连网信软件有限公司© 版权所有